Do the elderly and those with comorbid chronic physical conditions have improved access to outpatient psychotherapy post structural reforms in Germany?: results of the ES-RiP study
Saved in:
| Main Authors: | , , , , , , |
|---|---|
| Format: | Article (Journal) |
| Language: | English |
| Published: |
29 April 2024
|
| In: |
Frontiers in psychiatry
Year: 2024, Volume: 15, Pages: 1349603-1-1349603-11 |
| ISSN: | 1664-0640 |
| DOI: | 10.3389/fpsyt.2024.1349603 |
| Online Access: | Verlag, lizenzpflichtig, Volltext: https://doi.org/10.3389/fpsyt.2024.1349603 Verlag, lizenzpflichtig, Volltext: https://www.frontiersin.org/journals/psychiatry/articles/10.3389/fpsyt.2024.1349603/full |
| Author Notes: | Johanna Jedamzik, Hanna Kampling, Andrea Christoffer, Carsten Szardenings, Gereon Heuft, Hans-Christoph Friederich and Johannes Kruse |
MARC
| LEADER | 00000caa a2200000 c 4500 | ||
|---|---|---|---|
| 001 | 1908155434 | ||
| 003 | DE-627 | ||
| 005 | 20241205185452.0 | ||
| 007 | cr uuu---uuuuu | ||
| 008 | 241111s2024 xx |||||o 00| ||eng c | ||
| 024 | 7 | |a 10.3389/fpsyt.2024.1349603 |2 doi | |
| 035 | |a (DE-627)1908155434 | ||
| 035 | |a (DE-599)KXP1908155434 | ||
| 035 | |a (OCoLC)1475637720 | ||
| 040 | |a DE-627 |b ger |c DE-627 |e rda | ||
| 041 | |a eng | ||
| 084 | |a 33 |2 sdnb | ||
| 100 | 1 | |a Jedamzik, Johanna Wilhelmine Gisela |d 1984- |e VerfasserIn |0 (DE-588)1240927665 |0 (DE-627)1770010432 |4 aut | |
| 245 | 1 | 0 | |a Do the elderly and those with comorbid chronic physical conditions have improved access to outpatient psychotherapy post structural reforms in Germany? |b results of the ES-RiP study |c Johanna Jedamzik, Hanna Kampling, Andrea Christoffer, Carsten Szardenings, Gereon Heuft, Hans-Christoph Friederich and Johannes Kruse |
| 264 | 1 | |c 29 April 2024 | |
| 300 | |a 11 | ||
| 336 | |a Text |b txt |2 rdacontent | ||
| 337 | |a Computermedien |b c |2 rdamedia | ||
| 338 | |a Online-Ressource |b cr |2 rdacarrier | ||
| 500 | |a Gesehen am 11.11.2024 | ||
| 650 | 4 | |a accessebility of psychotherapy | |
| 650 | 4 | |a comorbidity of mental and chronic physical disorders | |
| 650 | 4 | |a Health service | |
| 650 | 4 | |a psychotherapy in the elderly | |
| 650 | 4 | |a structural psychotherapy reform | |
| 700 | 1 | |a Kampling, Hanna |d 1985- |e VerfasserIn |0 (DE-588)1128767198 |0 (DE-627)883213575 |0 (DE-576)486072150 |4 aut | |
| 700 | 1 | |a Christoffer, Andrea |e VerfasserIn |4 aut | |
| 700 | 1 | |a Szardenings, Carsten |d 1986- |e VerfasserIn |0 (DE-588)1165014963 |0 (DE-627)1029226512 |0 (DE-576)510207669 |4 aut | |
| 700 | 1 | |a Heuft, Gereon |d 1954- |e VerfasserIn |0 (DE-588)121747301 |0 (DE-627)081508204 |0 (DE-576)29286390X |4 aut | |
| 700 | 1 | |a Friederich, Hans-Christoph |d 1971- |e VerfasserIn |0 (DE-588)122302524 |0 (DE-627)70585311X |0 (DE-576)293208417 |4 aut | |
| 700 | 1 | |a Kruse, Johannes |d 1959- |e VerfasserIn |0 (DE-588)124944493 |0 (DE-627)36895613X |0 (DE-576)294581626 |4 aut | |
| 773 | 0 | 8 | |i Enthalten in |t Frontiers in psychiatry |d Lausanne : Frontiers Research Foundation, 2007 |g 15(2024), Artikel-ID 1349603, Seite 1349603-1-1349603-11 |h Online-Ressource |w (DE-627)631498796 |w (DE-600)2564218-2 |w (DE-576)326550968 |x 1664-0640 |7 nnas |a Do the elderly and those with comorbid chronic physical conditions have improved access to outpatient psychotherapy post structural reforms in Germany? results of the ES-RiP study |
| 773 | 1 | 8 | |g volume:15 |g year:2024 |g elocationid:1349603 |g pages:1349603-1-1349603-11 |g extent:11 |a Do the elderly and those with comorbid chronic physical conditions have improved access to outpatient psychotherapy post structural reforms in Germany? results of the ES-RiP study |
| 856 | 4 | 0 | |u https://doi.org/10.3389/fpsyt.2024.1349603 |x Verlag |x Resolving-System |z lizenzpflichtig |3 Volltext |
| 856 | 4 | 0 | |u https://www.frontiersin.org/journals/psychiatry/articles/10.3389/fpsyt.2024.1349603/full |x Verlag |z lizenzpflichtig |3 Volltext |
| 951 | |a AR | ||
| 992 | |a 20241111 | ||
| 993 | |a Article | ||
| 994 | |a 2024 | ||
| 998 | |g 122302524 |a Friederich, Hans-Christoph |m 122302524:Friederich, Hans-Christoph |d 910000 |d 910100 |e 910000PF122302524 |e 910100PF122302524 |k 0/910000/ |k 1/910000/910100/ |p 6 | ||
| 999 | |a KXP-PPN1908155434 |e 4612983173 | ||
| BIB | |a Y | ||
| SER | |a journal | ||
| JSO | |a {"physDesc":[{"extent":"11 S."}],"title":[{"subtitle":"results of the ES-RiP study","title_sort":"Do the elderly and those with comorbid chronic physical conditions have improved access to outpatient psychotherapy post structural reforms in Germany?","title":"Do the elderly and those with comorbid chronic physical conditions have improved access to outpatient psychotherapy post structural reforms in Germany?"}],"name":{"displayForm":["Johanna Jedamzik, Hanna Kampling, Andrea Christoffer, Carsten Szardenings, Gereon Heuft, Hans-Christoph Friederich and Johannes Kruse"]},"language":["eng"],"relHost":[{"note":["Gesehen am 18.11.2020"],"type":{"media":"Online-Ressource","bibl":"periodical"},"pubHistory":["2007 -"],"origin":[{"dateIssuedDisp":"2007-","publisherPlace":"Lausanne","publisher":"Frontiers Research Foundation","dateIssuedKey":"2007"}],"id":{"issn":["1664-0640"],"zdb":["2564218-2"],"eki":["631498796"]},"part":{"year":"2024","text":"15(2024), Artikel-ID 1349603, Seite 1349603-1-1349603-11","volume":"15","pages":"1349603-1-1349603-11","extent":"11"},"name":{"displayForm":["Frontiers Research Foundation"]},"language":["eng"],"recId":"631498796","disp":"Do the elderly and those with comorbid chronic physical conditions have improved access to outpatient psychotherapy post structural reforms in Germany? results of the ES-RiP studyFrontiers in psychiatry","physDesc":[{"extent":"Online-Ressource"}],"title":[{"title_sort":"Frontiers in psychiatry","title":"Frontiers in psychiatry"}]}],"recId":"1908155434","id":{"doi":["10.3389/fpsyt.2024.1349603"],"eki":["1908155434"]},"type":{"media":"Online-Ressource","bibl":"article-journal"},"note":["Gesehen am 11.11.2024"],"origin":[{"dateIssuedKey":"2024","dateIssuedDisp":"29 April 2024"}],"person":[{"display":"Jedamzik, Johanna Wilhelmine Gisela","family":"Jedamzik","given":"Johanna Wilhelmine Gisela","role":"aut"},{"given":"Hanna","family":"Kampling","role":"aut","display":"Kampling, Hanna"},{"role":"aut","family":"Christoffer","given":"Andrea","display":"Christoffer, Andrea"},{"display":"Szardenings, Carsten","role":"aut","family":"Szardenings","given":"Carsten"},{"family":"Heuft","given":"Gereon","role":"aut","display":"Heuft, Gereon"},{"role":"aut","given":"Hans-Christoph","family":"Friederich","display":"Friederich, Hans-Christoph"},{"display":"Kruse, Johannes","role":"aut","given":"Johannes","family":"Kruse"}]} | ||
| SRT | |a JEDAMZIKJODOTHEELDER2920 | ||